000 00546nam a2200205Ia 4500
005 20250508165046.0
008 008 250505s9999 xx 000 0 hin d
037 _aTextual
040 _aFEDL
_beng
_cFEDL
041 _ahin
_2hin
084 _a891.430 92, SHU
_qFEDL
100 _aShukla Shri Lal
245 0 _aBhagwati Charan Verma
260 _aNew Delhi, India
_bSahitya Akademi
_c1989
300 _a84p.
365 _aINR
_b50
546 _aMACESE
942 _cTEXL
_h891.430 92, SHU
999 _c1392894
_d1392894